000 00794nam a2200217Ia 4500
005 20241129105928.0
008 241129s9999||||xx |||||||||||||| ||und||
020 _a978-81-8031-584-8
037 _aTB
040 _aARTS
_bhin
_cARTS
041 _ahin
_2hin
084 _aO152,6N43x Q1
_qARTS
100 _aमिश्र, सत्यप्रकाश, संपा.
245 0 _aबालकृष्ण भट्ट के श्रेष्ठ निबन्ध
_cमिश्र, सत्यप्रकाश, संपा.
260 _aइलाहाबाद, भारत
_bलोकी पेपरबैक्स
_c2015
300 _a209पृ0
365 _aINR
_b125
650 _aHindi Prose
942 _cTB
_hO152,6N43x Q1
999 _c1226628
_d1226628